|
|
|
|
| LEADER |
00000nam a2200000 a 4500 |
| 001 |
vtls001483916 |
| 003 |
SK-MaSNL |
| 005 |
20260301163908.0 |
| 008 |
171201s2004 ru o g 0 000 rus |
| 020 |
|
|
|a 5945383929
|q (viaz.)
|
| 035 |
|
|
|a SNK000439210
|
| 040 |
|
|
|a SNK
|b slo
|c SNK
|e AACR2
|
| 041 |
0 |
|
|a rus
|
| 043 |
|
|
|a e-ur-un
|
| 044 |
|
|
|a ru
|c RU
|
| 072 |
|
7 |
|a 94(47)
|x Dejiny krajín východnej Európy
|2 konspekt
|
| 080 |
|
|
|a 94(477)
|2 2001
|
| 080 |
|
|
|a (048.8)
|2 2001
|
| 245 |
0 |
0 |
|a Bachčisaraj i dvorcy Kryma
|c [avtor sostavitel' Jelena Nikolajevna Gricak]
|
| 260 |
|
|
|a Moskva
|b Veče
|c 2004
|
| 300 |
|
|
|a 206 s., [16] s. fotogr. príl.
|c 17 cm
|
| 490 |
1 |
|
|a Pamjatniki vsemirnogo nasledija
|
| 651 |
|
7 |
|a Krym (Ukrajina)
|x dejiny
|2 SNKPH
|9 361395
|
| 655 |
|
7 |
|a prehľady
|2 SNKPH
|9 70194
|
| 700 |
1 |
|
|a Gricak, Jelena Nikolajevna
|4 com
|9 530543
|
| 830 |
|
0 |
|a Pamjatniki vsemirnogo nasledija
|9 530544
|
| 919 |
|
|
|a 5-94538-392-9
|
| 999 |
|
|
|c 818676
|d 820606
|
| 952 |
|
|
|t P60, <04>, [BOOK], {604}, -A-
|a SNK
|b SNK
|y VYP
|7 0
|p 17A0458870
|o snkID 97390
|i snk2005/3556
|8 2
|g 4.98
|0 0
|1 0
|4 0
|d 2004-10-20
|l 0
|r 2005-01-02 00:00:00
|w 2026-02-24
|